[Event "Asia Nations online Cup"]
[Site "Chess.com INT"]
[Date "2020.10.16"]
[Round "6.10"]
[White "Fahmi, Amjad"]
[Black "Sharifov, Mekhriddin"]
[Result "1/2-1/2"]
[WhiteElo "2000"]
[BlackElo "1922"]
[PlyCount "164"]
[EventDate "2020.10.10"]
[EventType "team-swiss (rapid)"]
[EventRounds "9"]
[EventCountry "IND"]
[SourceTitle "CBM 198 Extra"]
[Source "ChessBase"]
[SourceDate "2020.11.30"]
[SourceVersion "1"]
[SourceVersionDate "2020.11.30"]
[SourceQuality "1"]
[WhiteTeam "Yemen"]
[BlackTeam "Tajikistan"]
[WhiteTeamCountry "YEM"]
[BlackTeamCountry "TJK"]

1. e4 c5 2. Nc3 Nc6 3. g3 d6 4. Bg2 g6 5. d3 Bg7 6. f4 e6 7. Nf3 Nge7 8. 0-0 Rb8 9. Be3 Nd4 10. Qd2 0-0 11. Rae1 b5 12. f5 b4 13. Ne2 Nxf3+ 14. Bxf3 exf5 15. Bh6 Bxb2 16. Bxf8 Qxf8 17. c3 bxc3 18. Nxc3 Qg7 19. e5 dxe5 20. Rb1 Bxc3 21. Qxc3 Rxb1 22. Rxb1 e4 23. Qxg7+ Kxg7 24. dxe4 fxe4 25. Bxe4 Be6 26. Rb7 Nc8 27. Rc7 Nd6 28. Bb1 c4 29. Rxa7 c3 30. Bd3 Bc4 31. Rd7 Bxd3 32. Rxd6 Bc4 33. Rc6 Bxa2 34. Rxc3 h5 35. Kf2 Be6 36. Kf3 Bd5+ 37. Kf4 Be6 38. Rc5 Bh3 39. Kg5 Be6 40. Rc1 f6+ 41. Kf4 g5+ 42. Ke4 Kg6 43. Rc6 Bh3 44. Kf3 Bg4+ 45. Kg2 Bf5 46. Rc4 Be6 47. Rd4 Bf5 48. h3 Bc8 49. Rd8 Be6 50. Re8 Kf7 51. Rd8 Kg6 52. Rd6 Bc8 53. Rb6 Bf5 54. Rb4 Be6 55. h4 Bd7 56. hxg5 Kxg5 57. Rd4 Be6 58. Rd6 Bg4 59. Rd5+ Bf5 60. Kf3 Kg6 61. Kf4 Bc8 62. Rd8 Be6 63. Re8 Bd7 64. Rg8+ Kf7 65. Rb8 Kg6 66. Ke4 Be6 67. Kd4 Kg5 68. Re8 Bf7 69. Re7 Bg6 70. Rg7 Kh6 71. Rg8 Bf7 72. Rf8 Kg6 73. Kc5 Bb3 74. Kd6 Kg5 75. Ke7 f5 76. Rb8 Bd5 77. Kd6 Ba2 78. Ra8 Bb3 79. Rb8 Ba2 80. Ra8 Bb3 81. Ra3 Bd1 82. Ra8 Bb3 1/2-1/2

[Event "Asia Nations online Cup"]
[Site "Chess.com INT"]
[Date "2020.10.10"]
[Round "2.8"]
[White "Fahmi, Amjad"]
[Black "Setyaki, Azarya Jodi"]
[Result "0-1"]
[WhiteElo "2000"]
[BlackElo "2389"]
[PlyCount "120"]
[EventDate "2020.10.10"]
[EventType "team-swiss (rapid)"]
[EventRounds "9"]
[EventCountry "IND"]
[SourceTitle "CBM 198 Extra"]
[Source "ChessBase"]
[SourceDate "2020.11.30"]
[SourceVersion "1"]
[SourceVersionDate "2020.11.30"]
[SourceQuality "1"]
[WhiteTeam "Yemen"]
[BlackTeam "Indonesia"]
[WhiteTeamCountry "YEM"]
[BlackTeamCountry "INA"]

1. e4 e5 2. Nf3 Nc6 3. Bc4 Nf6 4. d4 exd4 5. 0-0 Nxe4 6. Re1 d5 7. Bxd5 Qxd5 8. Nc3 Qa5 9. Nxe4 Be6 10. Neg5 0-0-0 11. Nxe6 fxe6 12. Rxe6 Bd6 13. Bg5 Rde8 14. Qe2 Kd7 15. Rxe8 Rxe8 16. Qd3 h6 17. Bh4 g5 18. Bg3 g4 19. Bxd6 gxf3 20. Bg3 Re1+ 21. Rxe1 Qxe1+ 22. Qf1 Qxf1+ 23. Kxf1 Nb4 24. gxf3 Nxc2 25. Ke2 c5 26. Bb8 a6 27. a3 c4 28. Kd2 d3 29. Bf4 h5 30. Be3 b5 31. f4 Ke6 32. Bb6 Kf5 33. Bc7 Ke4 34. f3+ Kf5 35. Be5 a5 36. Bc7 Nd4 37. Ke3 Ne6 38. Bxa5 Nc5 39. Bb4 Nb3 40. Bc3 Nc1 41. Bd2 Ne2 42. Ba5 h4 43. Bc7 h3 44. Bd6 Ng3 45. Bc7 Nf1+ 46. Kf2 d2 47. Ke2 Nxh2 48. Kxd2 Nxf3+ 49. Ke3 h2 50. Kxf3 h1Q+ 51. Ke3 Qe4+ 52. Kd2 Qd3+ 53. Kc1 c3 54. bxc3 Qxc3+ 55. Kb1 Qxc7 56. a4 bxa4 57. Ka2 Qc2+ 58. Ka1 Ke4 59. f5 a3 60. f6 Qb2# 0-1